000 00267nam a2200097Ia 4500
001 1229067
005 20250827093054.0
008 250824s9999 xx 000 0 und d
245 0 _aGİZLİ MERDİVENLER VE UÇAN HALI
_cTONY ABBOTT
260 _bALTIN KİTAPLAR YAYINLARI
999 _c1229067
_d1229067